Giáo trình giải tích hàm

Giáo trình trình bày các vấn đề của giải tích hàm như không gian Mêtric, không gian định chuẩn với các định lý, ánh xạ, không gian Hilbert

Tallennettuna:
Bibliografiset tiedot
Päätekijä: Đặng, Hoàng Tâm
Aineistotyyppi: Kirja
Kieli:Undetermined
Julkaistu: Cần Thơ Trường Đại học Cần Thơ 2009
Aiheet:
Tagit: Lisää tagi
Ei tageja, Lisää ensimmäinen tagi!
Thư viện lưu trữ: Trung tâm Học liệu Trường Đại học Cần Thơ
LEADER 00816nam a2200217Ia 4500
001 CTU_155590
008 210402s9999 xx 000 0 und d
082 |a 515.7 
082 |b T120 
100 |a Đặng, Hoàng Tâm 
245 0 |a Giáo trình giải tích hàm 
245 0 |c Đặng Hoàng Tâm 
260 |a Cần Thơ 
260 |b Trường Đại học Cần Thơ 
260 |c 2009 
520 |a Giáo trình trình bày các vấn đề của giải tích hàm như không gian Mêtric, không gian định chuẩn với các định lý, ánh xạ, không gian Hilbert 
526 |a Giải tích hàm 
526 |b TN191 
650 |a Analytic functions,Giải tích hàm 
904 |i Năm 
980 |a Trung tâm Học liệu Trường Đại học Cần Thơ